00598nam a22002177a 450000500170000001000130001702000100003003500130004003700160005304000120006908200160008110000160009724500600011326000570017327000420023030000250027250000210029765000260031865000220034470000140036620170124110156.0 aA-357420 c00.00 aA-357420 bCen Lib/Ret aDPLbEN a658.15bKHA aKhan, M. Y. aManagement accounting /cby M. Y. Khan [and] P. K. Jain aNew DelhibTata McGraw-Hill Publishing Companyc1988 a4/12 Asaf Ali RoadbNew Delhie110002 aix, 927p. c21cm(Hb) aIncludes index  aManagerial accounting aCapital budgeting aJain, P K